| 000 | 00899nam a2200301Ia 4500 | ||
|---|---|---|---|
| 001 | Z_1225 | ||
| 003 | CHAP | ||
| 008 | 220113s1987 xx 000 0 und d | ||
| 010 | _a164313 | ||
| 020 | _a84-200-0602-5 | ||
| 040 | _cCHAP | ||
| 082 | _a636.2084 W5y | ||
| 100 |
_aWilson, P. N. _9138440 |
||
| 245 |
_aAvances en la alimentación de vacuno y ovino: guía práctica de los conceptos modernos de la nutrición de los rumiantes / _cpor P.N. Wilson y T.D.A. Brigstocke |
||
| 260 |
_aZaragoza : _bAcribia, _c1987 |
||
| 300 | _a272 p. ; gráfs. | ||
| 503 | _a158565, c/e | ||
| 650 |
_aAlimentos y alimentación del ganado _94326 |
||
| 650 |
_aGanado lanar _xAlimentación _945153 |
||
| 650 |
_aGanado vacuno _xAlimentación _945429 |
||
| 650 |
_aNutrición animal _982275 |
||
| 901 | _a636.2084 W5Y | ||
| 902 | _aM | ||
| 910 | _a1987 | ||
| 942 | _c1 | ||
| 942 | _cc1 | ||
| 999 |
_c164313 _d164313 |
||